000 00745nam a2200241 i 4500
001 10019
003 ES-MaACL
005 20250814063208.0
007 t|
008 941004e1986 ag a |r 10|10 spa d
020 _a950-9004-71-5
080 _a7.038.531
100 1 _aGlusberg, Jorge,
_d1932-2012
_eaut
_957463
245 1 3 _aEl arte de la performance /
_cJorge Glusberg
260 _aBuenos Aires :
_bEdiciones de Arte Gaglianone,
_c[1986]
300 _a109 páginas :
_bilustraciones ;
_c24 cm
650 7 _aPerformance (Arte)
_2embne
_9239883
650 4 _aArte-
_yS.XX
_9141916
852 _aES-MaACL
_bR.122716
_cDEPO2
_jL-17397
942 _2udc
_cMONOGRAFIA
_n0
999 _c10019
_d10019